00478nam a22001817i 4500001000400000003000400004005001700008007000300025008004100028024001300069040000800082084001200090100001900102245007100121260006800192300000900260490002700269635OSt20170126082245.0tu161220s1992 xxu||||| |||| 00| 0 d7 a6342RID cOSt a15.62z1 aAlton, Thad P.00aEastern Europe: Primary Energy and Crude Oil 1960 - 1991 (Charts) aNew York :bL.W. International Financial Research, Inc.,c1992. c30cm aOccasional Papersv123